000 00315nam a22001337a 4500
008 190304b xxu||||| |||| 00| 0 eng d
020 _a9780071789233
041 _aeng
080 _210th
_a615
100 _a5
101 _aFAR
245 _aPharmacology Examination & Board Review
_cTrevor,A.J
942 _2udc
_cBK
999 _c54398
_d54398